Normal view
MARC view
Entry Personal Name
001 - CONTROL NUMBER
- control field: 7231
003 - CONTROL NUMBER IDENTIFIER
- control field: BD-RjUL
005 - DATE AND TIME OF LATEST TRANSACTION
- control field: 20230328113510.0
008 - FIXED-LENGTH DATA ELEMENTS
- fixed length control field: 230328|| aca||aabn | a|a d
040 ## - CATALOGING SOURCE
- Original cataloging agency: BD-RjUL
- Transcribing agency: BD-RjUL
100 ## - HEADING--PERSONAL NAME
- Personal name: মুফতী ফয়যুল্লাহ
- Dates associated with a name: ১৮৯০-১৯৭৬
670 ## - SOURCE DATA FOUND
- Source citation: Work cat.: (BD-RjUL)81312: হুসাইন, মো. মুহাররম 7230, মুফতী ফয়যুল্লাহ-এর ফারসি কাব্যে ইসলামি চেতনা :, ২০২১